| 000 | 00831nam a22002177a 4500 | ||
|---|---|---|---|
| 999 |
_c18186 _d18186 |
||
| 003 | AR-CdUCM | ||
| 008 | 190513b ||||| |||| 00| 0 spa d | ||
| 040 |
_aMUNICIPALIDAD PROVINCIAL DEL CUSCO _cBIBLIOTECA MUNICIPAL DEL CUSCO |
||
| 082 |
_a985.009 / _bV39 |
||
| 100 |
_aVega, Juan José _9819 |
||
| 245 | _aJosé Gabriel Túpac Amaru / | ||
| 260 |
_aLima : _c1969. |
||
| 300 |
_a157 páginas ; _c22 cm. |
||
| 505 | _aContenido: Posición social de Túpac Amaru -- Los Túpac Amaru y las altas clases sociales -- Los Caciques y otros sectores de la aristocracia Peruana -- El sector feudal latifundista -- El sector minero -- La clase mercantil ... | ||
| 650 |
_aTúpac Amaru _9623 |
||
| 650 |
_aHistoria _9136 |
||
| 650 |
_aPerú _935 |
||
| 650 |
_aClases sociales _92411 |
||
| 942 |
_2ddc _cLIBROS |
||
| 945 |
_aachl _d2019-05-13 |
||